000 00336nam a2200133Ia 4500
008 240624s9999 xx 000 0 und d
041 _aeng
082 _a658.812 GUL
100 _aGULATI RANJAY
245 _aREORGANIZE FOR RESILIENCE PUTTING CUSTOM
260 _c2010
_bHarvard Business Press
300 _a288 : p.
365 _cRS
_b25
999 _c23779
_d23779